[Event "Graz zt"]
[Site "Graz"]
[Date "1993.??.??"]
[Round "13"]
[White "Zueger, Beat"]
[Black "Hoelzl, Franz"]
[Result "0-1"]
[WhiteElo "2415"]
[BlackElo "2385"]
[Annotator "Ftacnik,L"]
[PlyCount "104"]
[EventDate "1993.03.??"]
[EventType "tourn"]
[EventRounds "13"]
[EventCountry "AUT"]
[EventCategory "8"]
[SourceTitle "CBM 035"]
[Source "ChessBase"]
[SourceDate "1993.08.01"]
[SourceVersion "1"]
[SourceVersionDate "1993.08.01"]
[SourceQuality "1"]

1. d4 Nf6 2. c4 e6 3. Nf3 d5 4. Nc3 dxc4 5. e4 Bb4 6. Bg5 c5 7. Bxc4 cxd4 8.
Nxd4 Bxc3+ 9. bxc3 Qa5 10. Bb5+ Nbd7 11. Bxf6 Qxc3+ 12. Kf1 gxf6 13. Nf5 Kf8 $5
(13... exf5 $1 14. Rc1 Qe5 15. Rxc8+ Rxc8 16. Qxd7+ Kf8 17. Qxc8+ Kg7 18. Qxf5
Qa1+ 19. Ke2 Qxh1 20. e5 (20. Qg4+ Kf8 $10) 20... Qxg2 (20... fxe5 $2 21. Qxe5+
Kg8 22. Bc4 $18) 21. Qxf6+ (21. exf6+ $2 Kh6) 21... Kg8 $10) (13... Qe5 14.
Nd6+ Kf8 (14... Ke7 15. Nxc8+ Rhxc8 16. Qxd7+ Kf8 17. Rd1 Rd8 18. Qxd8+ Rxd8
19. Rxd8+ Kg7 (19... Ke7 20. Rd7+ Kf8 21. Be2 $16) 20. Be2 Qxe4 (20... Qa1+ 21.
Rd1 Qxa2 22. h4 $16) 21. h4 Qb1+ 22. Rd1 Qxa2 23. Rh3 $16) 15. g3 $1 (15. Rc1
Nc5 $1 {/\ Ke7|^} (15... a6 16. Ba4 Nc5 $17 (16... b5 $2 17. Nxc8 Nc5 18. Nb6
$18))) 15... Ke7 (15... Nc5 16. f4 Qb2 (16... Qc3 17. Rc1 Qa3 (17... Qb4 18.
Qh5 $18) (17... Qb2 18. Rc2 Qb4 (18... Qa3 19. Qh5 $18) 19. a3 Qxa3 20. Qh5 $18
) 18. Rc2 $1 $16) 17. Rb1 Qxa2 $1 (17... Qa3 18. Qh5 $18) 18. Bc4 $1 (18. Nc4
Bd7 $3 $8 19. Rb2 Bxb5 20. Rxa2 Bxc4+ 21. Kg2 Bxa2 22. Qd6+ Kg7 23. Qxc5 Rac8
$17) 18... Qa5 19. Qd4 $1 $16) 16. Nxc8+ Rhxc8 17. Qxd7+ Kf8 18. Rd1 Qxe4 19.
Rg1 Rd8 20. Qxd8+ Rxd8 21. Rxd8+ Ke7 22. Rd7+ Kf8 23. Be2 $16 {Zueger,B-Costa,
J/Bern/1991/}) 14. Rc1 (14. Qd6+ Kg8 15. Ne7+ Kg7 16. Rd1 Ne5 $132) 14... Qa3
15. Nd6 (15. Qd6+ Qxd6 16. Nxd6 Ke7 $15) (15. Rxc8+ Rxc8 16. Qxd7 Rc1+ 17. Ke2
Rc2+ $19) 15... Ne5 (15... Nc5 16. Nxf7 Kxf7 17. Qh5+ Ke7 18. Rxc5 $40) (15...
Nb6 16. Rc7 $40) 16. Rxc8+ (16. Rc7 a6 17. Be8 Qxa2 $13) 16... Rxc8 17. Nxc8 a6
18. h4 $6 (18. Be2 Qxa2 $14 (18... Kg7 19. Nd6 Rd8 20. Nf5+ exf5 21. Qxd8 Qc1+
22. Qd1 $18) (18... Qc5 19. Nd6 $16 (19. Qd6+ Qxd6 20. Nxd6 Ke7 21. Nxb7 Rb8
22. Bxa6 Ra8 23. Nc5 Kd6 24. a4 Kxc5 25. Bb5 $14))) 18... Qc5 (18... axb5 19.
h5 $1 $36) 19. Qd6+ Qxd6 20. Nxd6 Ke7 21. f4 (21. Nxb7 axb5 $17) 21... Ng6 22.
Nxb7 (22. Nxf7 Rc8 23. g3 axb5 24. Nh6 Rc2 $17) 22... axb5 23. g3 Rb8 24. Nc5
Rc8 25. Nd3 Rc2 $17 26. a3 Ra2 (26... Rc3 27. Ke2 Rxa3 28. Rb1 $15) 27. Nc1 Rc2
(27... Rxa3 28. Kf2 b4 29. Ne2 b3 30. Rb1 $10) 28. Ne2 e5 29. f5 Nf8 30. Kf2
Rb2 31. Rc1 Nd7 32. Ke3 Kd6 33. Rd1+ Kc6 34. Nc3 Rb3 35. Rc1 (35. Rd3 $2 Nc5
$19) 35... Nc5 36. Ke2 Rxa3 37. Nd5 Rxg3 38. Nxf6 (38. Nb4+ Kd6 39. Rd1+ Ke7
40. Nd5+ Kf8 41. Nxf6 Rh3 $17) 38... b4 39. Nxh7 b3 40. Nf6 Kb5 41. h5 (41. Rb1
Kc4 42. h5 Na4 $19) 41... b2 42. Rb1 Na4 43. Kf2 Rc3 $1 (43... Rb3 $2 44. h6
Nc3 45. h7 Nxb1 46. h8=Q) 44. h6 Rc2+ 45. Kf3 Rc1 46. h7 (46. Rxb2+ Nxb2 47. h7
Rh1 48. Kg4 Nd3 49. Nh5 Nf2+ 50. Kg5 Nxe4+ 51. Kg4 Rxh5 52. Kxh5 Nf6+ 53. Kh6
Nxh7 54. Kxh7 e4 $19) 46... Rxb1 47. h8=Q Rf1+ 48. Kg2 b1=Q 49. Qe8+ Kb4 50.
Nd5+ Ka3 51. Qe7+ Ka2 52. Nb4+ Kb3 0-1

[Event "HUN-ch"]
[Site "Budapest"]
[Date "1995.??.??"]
[Round "8"]
[White "Farago, Ivan"]
[Black "Horvath, Csaba"]
[Result "0-1"]
[WhiteElo "2515"]
[BlackElo "2500"]
[Annotator "Ftacnik,L"]
[PlyCount "120"]
[EventDate "1995.01.??"]
[EventType "tourn"]
[EventRounds "11"]
[EventCountry "HUN"]
[EventCategory "10"]
[SourceTitle "CBM 046"]
[Source "ChessBase"]
[SourceDate "1995.06.01"]
[SourceVersion "1"]
[SourceVersionDate "1995.06.01"]
[SourceQuality "1"]

1. d4 {EndgameCD Hecht} Nf6 2. c4 e6 3. Nf3 d5 4. Nc3 dxc4 5. e4 Bb4 6. Bg5 c5
7. e5 (7. Bxc4 cxd4 8. Nxd4 Bxc3+ 9. bxc3 Qa5) 7... cxd4 8. Qa4+ (8. Nxd4 Qa5
9. exf6 Bxc3+ 10. bxc3 Qxg5 11. fxg7 Qxg7 $10) 8... Nc6 9. O-O-O Bd7 10. Ne4
Be7 11. exf6 gxf6 12. Bh4 Rc8 13. Bxf6 $6 (13. Kb1 Na5 14. Qc2 e5 15. Nxd4 exd4
16. Rxd4 Qb6 $13) 13... Bxf6 14. Nd6+ Kf8 15. Nxc8 Qxc8 16. Qxc4 Kg7 17. Kb1 (
17. Bd3 Nb4 $5 (17... e5)) 17... e5 18. Bd3 Be6 19. Qa4 Bf5 $1 20. Qc2 (20.
Bxf5 Qxf5+ 21. Qc2 e4 22. Nd2 d3 23. Qc4 Re8 $17) 20... Bxd3 21. Qxd3 Nb4 22.
Qe4 Qe6 23. b3 Nd5 $1 24. Rc1 Nc3+ 25. Rxc3 dxc3 26. g4 h6 27. h4 (27. Rc1 Rc8
28. h4 Kg8 $17) 27... Qb6 $1 28. Rc1 (28. Rf1 Rc8 $1 29. g5 (29. Kc2 Qa6 $1 30.
Ra1 Qa3 $19) 29... c2+ 30. Kb2 (30. Kc1 Qa6 $1 31. gxf6+ Kh8 $1 $19) 30... hxg5
31. hxg5 c1=Q+ 32. Rxc1 Qxf2+ 33. Kb1 Rxc1+ 34. Kxc1 Bxg5+ $1 35. Nxg5 Qg1+ 36.
Kc2 Qxg5 $19) 28... Qxf2 29. Rxc3 (29. Rc2 $2 Qf1+ 30. Rc1 c2+ 31. Kb2 Qxf3 32.
Qxf3 e4+ 33. Qxf6+ Kxf6 34. Rxc2 Re8 $19) 29... Rd8 30. Rc1 (30. g5 hxg5 31.
hxg5 Rd1+ 32. Rc1 Rxc1+ 33. Kxc1 Bxg5+ $1 $19) 30... Bxh4 31. Nxh4 Qxh4 32.
Qxe5+ Qf6 33. Qxf6+ (33. Qe2 $5 $17) 33... Kxf6 34. Rc7 Rb8 35. Kc2 Kg5 36.
Rxf7 Kxg4 37. Kd2 h5 38. Ke2 h4 39. Kf2 a5 $1 40. Kg2 b6 41. Rf6 Kg5 42. Rc6
Kf5 $1 43. Kh3 (43. Rc4 Rh8 44. Rc6 Rg8+ 45. Kh3 Rg6 $1 $19) (43. a3 {Hecht}
Rg8+ 44. Kh2 Rg6 $17) 43... Ke5 44. b4 $5 (44. Kxh4 Kd5 45. Rc2 Rg8 $1 $17)
44... axb4 45. Rc4 b3 $1 46. axb3 Kd5 47. Rxh4 Re8 $4 (47... Rg8 $142 $1) 48.
Kg2 Re3 49. Kf2 $1 Rxb3 50. Ke2 (50. Ke1 $10 {Endgame CD}) 50... Rc3 {Sperrt
den Ke2 auf der d-Linie ab.} 51. Kd2 Rc4 {Hebt die horizontale Sperre für den
Kd5 auf.} (51... Rc5 {Endgame CD} 52. Rh1 Kc6 53. Rb1 b5 54. Re1 Kb6 55. Rb1 $4
{würde zur Ausgangsstellung der Studie von Grigoriev führen, Weiß gewinnt nun
mit 56...Ka5.} (55. Ra1 $1 $10 {verhindert ...Ka5}) (55. Kd3 {stellt den König
besser, wonach das Grigoriev Gewinnmanöver nicht mehr funktioniert, wegen} Ka5
56. Kd4 $1 {und nun muß der Turm entweder den Schutz des Bauern aufgeben,
indem auf der c-Linie zieht, und dann hat Weiß die Möglichkeit mit dem Turm
von unten Schachs zu geben, ohne daß der schwarze König wegen des
schutzbedürftigen Bauern zum Gegenangriff übergehen kann. Oder der Turm bleibt
auf der fünften Reihe; dann wird aber die c-Linie für den weißen König
passierbar.}) (55. Rc1 {stellt den Schwarzen vor die Wahl: Entweder Aufgabe
der c-Linie oder Übergang in ein Remis-Bauernendspiel.})) 52. Rh5+ (52. Rxc4 $2
{Endgame CD Dieses Bauernendspiel ist für Weiß verloren.} Kxc4 53. Kc2 b5 54.
Kb2 b4 55. Kb1 Kb3 56. Ka1 Kc2 $19) 52... Kc6 53. Kd3 (53. Rh1 $1 {Hecht} b5
54. Rb1 $10 (54. Rc1 Rxc1 (54... Kc5 55. Rxc4+ Kxc4 56. Kc2 $10) 55. Kxc1 Kc5
56. Kb1 Kd4 57. Kb2 Kc4 58. Kc2 $10) 54... Kb6 55. Kd3 (55. Rc1 Rxc1 56. Kxc1
Ka5 57. Kb1 Ka4 58. Ka2 $10) 55... Rc8 56. Kd2 Ka5 57. Ra1+ Kb4 58. Rb1+ Ka4
59. Ra1+ Kb3 60. Rb1+) 53... b5 (53... Rc1 {Endgame CD} 54. Kd2 $10) (53... Rc5
{Endgame CD} 54. Rxc5+ $10) 54. Rh2 (54. Rh1 {Hecht} Kc5 55. Ra1 $10) (54. Rh6+
{Endgame CD} Kc5 55. Rh1 Kb6 (55... Kb4 {Endgame CD} 56. Rb1+ $1 {Weiß muß
sofort aktiv werden, sonst planiert der Schwarze seinem Bauern mit ...Ka3
einen bequemen Weg zum Umwandlungsfeld.} Ka4 (56... Kc5 57. Rh1) 57. Ra1+ Kb3
58. Rb1+ Ka4 59. Ra1+ $10) (55... b4 $4 56. Rh5+ {geht natürlich überhaupt
nicht.}) (55... Rg4 {hebt die Absperrung des weißen Königs auf.} 56. Kc2 $10)
56. Rg1 Rc5 57. Rh1 Ka5 58. Kd4 $10 (58. Ra1+ Kb4 $19)) 54... Kc5 55. Rb2 $1 (
55. Rc2 $2 Rxc2 56. Kxc2 Kc4 57. Kb2 Kb4 58. Ka2 Kc3 $19) (55. Ra2 {Hecht} Kb4
56. Rb2+ Ka4 57. Ra2+ (57. Rb1 {Endgame CD} Rb4 58. Ra1+ Kb3 59. Rb1+ Ka3 60.
Ra1+ Kb2 61. Ra5 Rb3+ 62. Kd4 $1 (62. Kd2 $4 b4 63. Rb5 Ka2 64. Kc2 Rb2+ 65.
Kd3 Rb1 (65... b3 $4 {wäre ein grauenhafter Fehler.} 66. Ra5+ Kb1 67. Ra3 {
und der Bauer ist weg.}) 66. Rb6 b3 67. Ra6+ Kb2 68. Rb6 Rc1 69. Rb5 Rc2 $19)
62... b4 63. Kc4 {und Weiß erobert den Bauern.}) 57... Kb3 $19) (55. Rg2 {
Ein Wartezug auf der 2.Reihe reicht auch noch zum remis.} b4 56. Rc2 Rxc2 57.
Kxc2 $10 {Der Übergang ins Bauernendspiel muß immer beachtet werden.}) 55...
Rc1 (55... b4 {Hecht} 56. Rc2 $10) 56. Rb3 $4 (56. Kd2 $1 Rh1 (56... Rc4 57.
Kd3 $10 (57. Kd3 $1 {Endgame CD} b4 58. Rc2 $1 Rxc2 59. Kxc2 Kc4 60. Kb2 b3 61.
Kb1 $10)) 57. Rb3 (57. Kc3 {Endgame CD} Rh3+ 58. Kc2 Rh2+ 59. Kb3 Rxb2+ 60.
Kxb2 Kb4 $1 $19) 57... Kc4 (57... b4 {Endgame CD} 58. Rg3 $10 (58. Kc2 $10 Kc4
59. Rg3 $10)) 58. Rg3 b4 59. Kc2 $10 (59. Kc2 {Hecht} Rh2+ (59... b3+ 60. Kb2
$10) 60. Kb1 $10)) (56. Rc2+ $4 {Endgame CD} Rxc2 57. Kxc2 Kc4 $1 $19 {mit
verlorenem Bauernendspiel.} (57... b4 $4 58. Kb3 $10)) 56... b4 57. Kd2 (57.
Rb2 {Endgame CD} Rc3+ 58. Kd2 Kc4 59. Rb1 b3 $19) 57... Rc4 $1 $8 58. Rb1 (58.
Kd3 Kb5 $19) 58... Kb5 59. Ra1 (59. Rc1 b3 60. Rxc4 Kxc4 61. Kd1 Kd3 $1 $19 (
61... Kd3 {Hecht} 62. Kc1 Kc3 $19)) (59. Kd3 {Hecht} Rc3+ (59... Rc5 {Endgame
CD} 60. Kd4 Rc3 61. Ra1 Rg3 {/\ 62....g3 -+}) 60. Kd2 Ka4 61. Ra1+ Kb3 62. Rb1+
Ka3 $19) (59. Rb2 {Endgame CD} Ka4 60. Ra2+ Kb3 $19) 59... b3 60. Ra8 Kb4 (
60... Kb4 {Endgame CD} 61. Kd3 Rc1 62. Kd2 b2 63. Rb8+ Ka3 64. Ra8+ Kb3 65.
Rb8+ Ka2 66. Ra8+ Kb1 67. Ra7 Rc4 68. Ra8 Rd4+ 69. Ke3 Rd5 (69... Kc1 $19 {
Kenner des Endspiels Q-T werden dieses Abspiel vorziehen.}) 70. Ke4 Rb5 71. Kd3
Kc1 72. Rc8+ Kd1 $19) 0-1

[Event "London WFW"]
[Site "London"]
[Date "1991.??.??"]
[Round "?"]
[White "Arkell, Keith C"]
[Black "Wells, Peter K"]
[Result "0-1"]
[WhiteElo "2450"]
[BlackElo "2460"]
[Annotator "Ftacnik,L"]
[PlyCount "92"]
[EventDate "1991.05.??"]
[EventType "tourn"]
[EventRounds "13"]
[EventCountry "ENG"]
[EventCategory "11"]
[SourceTitle "CBM 024"]
[Source "ChessBase"]
[SourceDate "1991.10.01"]
[SourceVersion "1"]
[SourceVersionDate "1991.10.01"]
[SourceQuality "1"]

1. c4 Nf6 2. Nc3 e6 3. Nf3 d5 4. d4 dxc4 5. e4 Bb4 6. Bg5 c5 7. Bxc4 cxd4 8.
Nxd4 Bxc3+ 9. bxc3 Qa5 10. Bxf6 Qxc3+ 11. Kf1 gxf6 12. Bb5+ Ke7 13. Rc1 Qa5 14.
Qc2 {N} (14. e5 fxe5 15. Qh5 Nd7 16. Qg5+ Kf8 $10) 14... Qb6 15. Qc3 Rd8 16.
Qa3+ Qd6 (16... Rd6 $2 17. Rxc8 Qxd4 18. Re8#) 17. Rc7+ Bd7 $1 (17... Nd7 18.
Qc3 $36) 18. Qxd6+ (18. Qc3 Nc6 $19) 18... Kxd6 19. Rxb7 Bxb5+ 20. Rxb5 (20.
Nxb5+ Kc6 21. Rxa7 Rxa7 22. Nxa7+ Kb6 $19) 20... Kc7 21. Rc5+ (21. Rb4 Nc6 22.
Nxc6 Rd1+ $19) 21... Kb6 22. Rc4 e5 23. Nc2 Rd1+ 24. Ne1 Nc6 $17 25. h4 (25.
Ke2 Ra1 $17) 25... Rad8 26. Rh3 Rb1 27. Rhc3 (27. Rb3+ Rxb3 28. axb3 Rd2 $17)
27... Na5 28. Rc8 Rdd1 29. Rb8+ Nb7 30. Rb3+ Rxb3 31. axb3 Rd8 $1 (31... Rb1
32. Rh8 $132) 32. Rxd8 Nxd8 33. Nc2 Kb5 34. Ke2 Ne6 35. Ne3 (35. Ke3 Nc5 36. b4
Na6 $19) 35... Kb4 36. Nd5+ Kxb3 37. Nxf6 a5 38. Kd2 a4 39. Nd5 a3 40. Nc3 Nd4
41. g3 Nb5 42. Ne2 (42. Nxb5 a2 $19) 42... Kb2 43. Nc1 Nd6 44. Nd3+ (44. f3
Nc4+ 45. Kd1 Ne3+ 46. Kd2 Nf1+ 47. Kd1 Nxg3 $19) 44... Kb1 45. Nb4 Nxe4+ 46.
Ke3 Nc5 {Ftacnik,L} 0-1

[Event "Politiken Cup 18th"]
[Site "Copenhagen"]
[Date "1996.??.??"]
[Round "9"]
[White "Speelman, Jonathan S"]
[Black "Wells, Peter K"]
[Result "1/2-1/2"]
[WhiteElo "2625"]
[BlackElo "2495"]
[Annotator "Ftacnik,L"]
[PlyCount "102"]
[EventDate "1996.06.??"]
[EventType "swiss"]
[EventRounds "11"]
[EventCountry "DEN"]
[SourceTitle "CBM 054"]
[Source "ChessBase"]
[SourceDate "1996.10.01"]
[SourceVersion "1"]
[SourceVersionDate "1996.10.01"]
[SourceQuality "1"]

1. c4 {Hecht Chekhov} e6 2. Nf3 d5 3. d4 Nf6 4. Bg5 Bb4+ 5. Nc3 dxc4 6. e4 c5
7. Bxc4 cxd4 8. Nxd4 Bxc3+ 9. bxc3 Qa5 10. Bb5+ Nbd7 11. Bxf6 Qxc3+ 12. Kf1
gxf6 13. h4 Qa5 (13... a6 {Chekhov} 14. Rh3 Qb4 (14... Qa5 15. Be2 Ke7 16. Nb3
Qb6 17. Qc1 Rd8 18. Rd3 Nf8 19. Qa3+ $146 {Akopian,V-Ivanov,S/St-Petersburg/
1993/1|0/32/}) 15. Be2 Qd6 16. Rc1 Nc5 17. Rhc3 b6 18. Nb3 Qh2 19. Rh3 Qe5 20.
Nxc5 bxc5 21. Kg1 $146 {Akopian,V-Janjgava,L/Moscow/1994/1|0/40/}) 14. Rh3 (14.
Rc1 Ke7 {1/2-1/2 Browne,W-Sagalchik,G/Linares MEX (09)/1994/}) 14... Ke7 (14...
e5 15. Bxd7+ Bxd7 16. Nf5 Bxf5 17. exf5 Rd8 18. Qc1 Rg8 19. Qc4 h5 20. a4 Rg4
21. Qb5+ Qxb5+ 22. axb5 Rb4 23. Rha3 Rxh4 24. Rxa7 Rh1+ 25. Ke2 Rxa1 26. Rxa1
Rd5 {Farago,I-Hoelzl,F/Budapest Elekes (02)/1995/1/2-1/2 (49)}) 15. Rc1 Rd8 16.
Rhc3 (16. Qc2 a6 17. Be2 Ne5 18. Qb2 Rd6 19. Nb3 Qb4 20. Rhc3 Rc6 21. Rxc6 Nxc6
22. Rc4 Qd6 23. g3 b6 24. Rc1 Bd7 {1/2-1/2 Levin,F-Gabriel,C/Bad Wörishofen 
(07)/1996/ (34)}) 16... a6 (16... Ne5 17. f4 (17. a4 Qb4 18. Rc7+ Kf8 19. Qh5
Qxd4 20. Qh6+ Kg8 21. Qxf6 a6 22. f4 Qf2+ {0-1 Chernin,A-Almasi,I/HUN-chT1
9495 (03)/1995/}) 17... Ng6 18. a4 (18. Rc7+ {Chekhov} Kf8 (18... Bd7 19. Rxd7+
Rxd7 20. Nf5+ exf5 21. Qxd7+ Kf8 22. exf5 Rd8 23. Qxb7 $36) 19. Qh5 $6 (19. f5
$5) 19... Rxd4 20. Qh6+ $2 (20. Qc5+ Kg7 21. Qxd4 Qxb5+ 22. Kf2 Qe8 23. Qd6 $13
) 20... Kg8 21. Be8 Rd1+ $1 $19) 18... Qb6 19. Qb3 Kf8 20. Qa3+ Ne7 21. Ne2 a6
22. Bc4 Bd7 23. a5 Qa7 24. Rb3 Bc6 25. Qb2 {0-1 Gabriel,C-Rabiega,R/BL 9495/
1995/ (41)}) 17. Ba4 Ne5 18. f4 Ng4 (18... Bd7 19. Rc7 Ke8 20. fxe5 Qxa4 21.
Qxa4 Bxa4 22. Nf3 Bc6 23. exf6 $14) (18... Ng6 $5 19. g3 Qb6 20. Rd3) 19. Rc7+
(19. Qxg4 Qxa4 20. Rc7+ Bd7 $15) 19... Bd7 (19... Kf8 20. Qxg4 Qxa4 21. Qh5 Bd7
22. Qh6+ (22. R1c4 {Chekhov} Qxa2 23. Qxh7 $36) 22... Ke7 23. e5 (23. e5 fxe5
24. fxe5 Qxd4 25. Qf6+ Ke8 26. Qh8+ $10)) 20. Rxd7+ Rxd7 21. Nf5+ exf5 22.
Qxd7+ Kf8 23. Bb3 (23. Rc7 Nh6 24. Rxb7 fxe4 25. Qe7+ Kg8 26. Bb3 Qc3 $132)
23... Nh6 (23... Qb5+ {Chekhov} 24. Qxb5 axb5 25. Rc7 Nh6 26. exf5 $16) 24.
Qxb7 Qd8 (24... Qb5+ 25. Qxb5 axb5 26. exf5 Nxf5 27. Rc7 $16) (24... Rd8 25.
Rc7 Qb5+ 26. Qxb5 axb5 27. exf5 $16) 25. Rd1 $2 (25. Bd5 Rb8 26. Qxa6 fxe4 27.
Bxe4 $16) 25... Qb8 26. Qxb8+ Rxb8 27. exf5 Nxf5 (27... Rb4 28. g3 Nxf5 29. Kf2
Nd4 $14) 28. Rd7 (28. Kf2 $5 {Chekhov} Ke7 29. g4 Nd6 (29... Nxh4 30. f5 $18)
30. Rd5 $16) 28... Ke8 (28... Nxh4 $2 29. Rxf7+ Ke8 30. Rxh7 $18) (28... Nh6 {
Chekhov} 29. Rd6 $18) 29. Ra7 (29. Rxf7 $2 Rxb3 30. Rxf6 Ng3+ 31. Kg1 Ra3 $19)
29... Rb4 30. Rxa6 (30. Bxf7+ Kf8 (30... Kd8 31. Bb3 Rxf4+ 32. Kg1 Rxh4 33.
Rxa6 Nd4 34. Rxf6 Nxb3 35. axb3 Rb4 36. Rf3 Ke7 37. Kf2 h5 $14) 31. h5 Rxf4+
32. Kg1 Ng3 $10) 30... Rxf4+ 31. Ke2 Rxh4 (31... Nd4+ 32. Ke3 Rxh4 $10) 32. Kd3
Ke7 33. Ra4 (33. Ra7+ Kd6 34. Rxf7 Ke5) 33... Rh2 (33... Rxa4 34. Bxa4 Kd6 35.
Ke4 Nh4 36. g3 (36. g4 $5 {Chekhov}) 36... Ng6 37. Kf5 h5 38. Kxf6 h4 39. g4 h3
40. Bc2 Ne5 41. g5 h2 42. Be4 Ng4+ 43. Kxf7 Ke5 44. Bb7 Kf5 45. a4 Ne5+ 46. Ke7
Nc4 $10) 34. Ke4 Nd6+ 35. Kd5 Nf5 (35... Rxg2 $2 36. Ra7+) 36. Ra7+ Kf8 37. Ke4
Ne7 (37... Nd6+ 38. Kf3 $14 (38. Kf3 {Chekhov} Ke8 39. a4 $36)) 38. Kf3 Rh4 39.
Rb7 Rd4 40. a4 Nc6 41. Ke3 (41. Rxf7+ Ke8 42. Rxf6 Rd3+) 41... Rg4 42. Rxf7+
Ke8 43. Rxf6 Rg3+ 44. Kf2 Rxb3 45. Rxc6 {Hecht: wegen der Schwäche des wBg2
bleibt das Endspiel remis, gleich ob der wT den a-Bauern von der Seite oder
von vorne deckt. Einfach.} Ra3 46. Rc4 (46. Ra6 Kf7 $14 (46... Kf7 {Chekhov}
47. g4 Kg7 48. a5 h6 49. Ke2 Ra4 $10)) 46... h5 47. Rf4 Ke7 48. Kg1 Ke6 49. Kh2
Ke5 50. g3 Ra1 51. Kg2 Ke6 (51... Ke6 52. Kf2 Ra3) 1/2-1/2

[Event "Candidates m4"]
[Site "Sarajevo"]
[Date "1991.??.??"]
[Round "4"]
[White "Nikolic, Predrag"]
[Black "Gelfand, Boris"]
[Result "1/2-1/2"]
[WhiteElo "2620"]
[BlackElo "2700"]
[Annotator "Ftacnik,L"]
[PlyCount "120"]
[EventDate "1991.01.??"]
[EventType "match"]
[EventRounds "8"]
[EventCountry "BIH"]
[SourceTitle "Candidates"]
[Source "ChessBase"]
[SourceDate "1999.07.01"]
[SourceVersion "2"]
[SourceVersionDate "1999.07.01"]
[SourceQuality "1"]

1. d4 Nf6 2. c4 e6 3. Nf3 d5 4. Nc3 dxc4 5. e4 Bb4 6. Bg5 c5 7. Bxc4 cxd4 8.
Nxd4 Bxc3+ 9. bxc3 Qa5 10. Bb5+ Nbd7 11. Bxf6 Qxc3+ 12. Kf1 gxf6 13. Rc1 (13.
Nxe6 Qe5 $1 14. Nd4 O-O $13) (13. h4 Ke7 14. Rh3 Qa5 15. Rb1 Rd8 16. Qc1 $40 {
Adorjan,A-Chernin,A/Debrecen/1990/ ->CBM 20}) 13... Qb4 $1 (13... Qa5 $2 14.
Rxc8+ Rxc8 15. Bxd7+ Kxd7 16. Nb3+ $18) 14. h4 a6 15. Ba4 Ke7 16. Rh3 Nc5 17.
Bb3 Bd7 18. Rc4 Qa5 19. Qc2 Rac8 20. Rhc3 b6 $15 21. a4 Rhd8 22. Kg1 e5 23.
Nf5+ Bxf5 24. exf5 Rd6 25. Rg4 $2 (25. f4 $1 $36) 25... Rf8 $2 (25... Rd2 $3
26. Rxc5 (26. Qxd2 Nxb3 $19) 26... Rxc2 27. Rxa5 Rc1+ 28. Kh2 bxa5 29. Rg7 Rf8
30. Rxh7 Rc3 $19) 26. Kh2 Rd4 $6 (26... h5 $1 27. Rgg3 Rd4 $17) 27. Rxd4 exd4
28. Rg3 Qb4 29. Bc4 $1 Qxa4 30. Qe2+ Kd7 31. Rg4 Rd8 32. Rxd4+ Kc7 33. Rg4 $2 (
33. Qe7+ Rd7 34. Qxf6 Rxd4 35. Qxd4 Qd7 36. Qf6 Qd6+ 37. Qxd6+ Kxd6 38. Bxf7
$10) 33... Qd1 $1 34. Rg7 Qxe2 35. Bxe2 Rf8 36. Rxh7 Kd6 37. Rg7 b5 38. Rg4 Ke5
39. h5 Kxf5 40. Rb4 Ne6 41. Kg3 Kg5 42. f4+ Kh6 43. Kf2 Rc8 44. Ke3 Rc3+ 45.
Kd2 Ra3 46. Bf3 f5 47. Kc1 Rd3 48. Kc2 Rd4 $6 (48... Rd6 49. Kc3 Rb6 50. g3 Ng7
$17) 49. Kc3 Rxf4 $2 (49... Rd6 $1) 50. Bb7 Rxb4 51. Kxb4 Kxh5 52. Bxa6 Kh4 53.
Bxb5 Kg3 54. Bc6 Nf4 55. Bd7 Ne6 56. Bc6 Nf4 57. Bd7 Nd5+ 58. Kc5 Ne3 59. Kd6
f4 60. Be8 Kxg2 {Ftacnik,L} (60... Kxg2 61. Bxf7 f3 62. Bh5 f2 63. Be2 $10)
1/2-1/2

[Event "Bundesliga 0405"]
[Site "Germany"]
[Date "2004.12.12"]
[Round "6.2"]
[White "Van Wely, Loek"]
[Black "Naiditsch, Arkadij"]
[Result "1/2-1/2"]
[WhiteElo "2681"]
[BlackElo "2611"]
[Annotator "Ftacnik,L"]
[PlyCount "32"]
[EventDate "2004.11.12"]
[EventType "team-tourn"]
[EventRounds "15"]
[EventCountry "GER"]
[SourceTitle "CBM 106"]
[Source "ChessBase"]
[SourceDate "2005.06.06"]
[SourceVersion "1"]
[SourceVersionDate "2005.06.06"]
[SourceQuality "1"]
[WhiteTeam "Porz"]
[BlackTeam "Katernberg"]
[WhiteTeamCountry "GER"]
[BlackTeamCountry "GER"]

1. Nf3 Nf6 2. c4 e6 3. Nc3 d5 4. d4 dxc4 5. e4 Bb4 6. Bg5 c5 7. e5 h6 8. exf6
hxg5 9. fxg7 Rg8 10. Qc2 cxd4 (10... Qf6 11. dxc5 (11. O-O-O Bxc3 12. Qxc3 cxd4
13. Nxd4 Bd7 14. Bxc4 Nc6 15. Nb5 Qxc3+ 16. bxc3 Ke7 17. Rhe1 Rac8 18. Nd6 Rc7
19. Nxf7 Rxg7 20. Nd6 {1-0 Taylor,T-Van Buskirk,C/Los Angeles 2004/ (29)})
11... Nd7 12. Bxc4 Bxc3+ 13. Qxc3 Qxc3+ 14. bxc3 g4 15. Nd4 Nxc5 16. h4 Rxg7
17. O-O Bd7 18. g3 Rc8 19. Rfe1 Kf8 {1/2-1/2 Giorgadze,G-De la Villa Garcia,J/
Benasque 1997/ (33)}) (10... Rxg7 11. O-O-O cxd4 12. Nxd4 Bd7 13. Bxc4 Nc6 14.
Nxc6 bxc6 15. Ne4 Be7 16. Rd2 Qc7 17. Rhd1 Rd8 18. Qc3 Kf8 19. Nf6 Bxf6 20.
Qxf6 {1-0 Miralles,G-Ekstroem,R/Switzerland 2001/ (34)}) 11. Qh7 Ke7 12. O-O-O
Bxc3 (12... d3 13. h4 Bxc3 14. bxc3 Qa5 15. Kb2 Qb6+ 16. Ka1 $16) 13. bxc3 Qa5
$1 {Naiditsch is correctly opting for equality, his position was otherwise
very dangerous.} 14. Qxg8 (14. Nxd4 Qxc3+ 15. Kb1 Qb4+ 16. Nb3 cxb3 17. Qxg8
bxa2+ 18. Kxa2 Qa4+ 19. Kb2 Qb4+ 20. Kc2 Qa4+ 21. Kd2 Qa5+ 22. Kd3 Qf5+ 23. Kc3
Qa5+ $11) 14... Qxc3+ 15. Kb1 Qb4+ 16. Kc2 Qc3+ 1/2-1/2

[Event "URS-sf Russia-ch"]
[Site "Gorky"]
[Date "1989.??.??"]
[Round "?"]
[White "Tunik, Gennady"]
[Black "Vyzmanavin, Alexey"]
[Result "0-1"]
[WhiteElo "2470"]
[BlackElo "2555"]
[Annotator "Ftacnik,L"]
[PlyCount "116"]
[EventDate "1989.11.??"]
[EventType "tourn"]
[EventRounds "13"]
[EventCountry "URS"]
[EventCategory "7"]
[SourceTitle "CBM 016"]
[Source "ChessBase"]
[SourceDate "1990.06.01"]
[SourceVersion "1"]
[SourceVersionDate "1990.06.01"]
[SourceQuality "1"]

1. d4 Nf6 2. c4 e6 3. Nf3 d5 4. Nc3 dxc4 5. e4 Bb4 6. Bg5 c5 7. Bxc4 cxd4 8.
Nxd4 Bxc3+ 9. bxc3 Qa5 10. Bxf6 Qxc3+ 11. Kf1 gxf6 12. Rc1 Qa5 13. h4 Ke7 14.
Rh3 Nc6 15. Nxc6+ bxc6 16. Rd3 Rd8 17. Rxd8 Qxd8 18. Qh5 Qd4 19. Qxh7 Rb8 20.
Bb3 Ba6+ 21. Kg1 Bd3 22. Qg7 Bxe4 23. Qg4 {N} (23. Qg3 Rh8 24. Rc4 Qa1+ 25. Kh2
f5 26. Ra4 Ra8 27. Qc7+ Kf6 {Karpov,A-Huebner,R/Skelleftea WCup/1989/1/4-1/4/
30/}) 23... Rd8 24. Rd1 Qe5 25. Rxd8 Kxd8 26. h5 Ke7 27. f3 $6 (27. h6 $5)
27... Bd3 28. Kf2 c5 29. Qa4 a6 30. Qa5 Qd4+ 31. Kg3 Qd6+ 32. f4 c4 33. Bd1 e5
$1 $19 34. Bg4 exf4+ 35. Kh3 f5 36. Bf3 Kf6 37. Qe1 Kg7 38. Qc3+ Kh7 39. a4 Qe7
40. a5 Qg5 41. Kh2 Qg7 42. Qb4 c3 43. Qxf4 c2 44. Qc7 f6 45. Qc5 f4 46. Kh1 Kh6
47. Qc8 Bf5 48. Qc5 Kg5 49. g4 fxg3 50. Be4 g2+ 51. Bxg2 Qd7 52. Qe3+ Kxh5 53.
Bf3+ Kg6 54. Kg2 Qc7 55. Qc1 Qxa5 56. Kf2 Qc5+ 57. Ke2 Qe5+ 58. Kf2 Qh2+ {
Ftacnik} 0-1